000 00603nam a2200181 i 4500
001 130106
003 ES-MaACL
005 20230906193637.0
007 t|
008 070719q17751792sp ||||1| spa d
100 0 _aSófocles.
_9107023
245 1 0 _aTragedia. El Philoctetes de Sophocles en dos actos.
260 _aBarcelona :
_bpor la Viuda de Piferrer,
_c[17--?]
300 _a16 p. ;
_c4º.
500 _aPrecede al tít.: "Núm. 29"
500 _aSegún Gutierrez del Caño, la producción de la Viuda de Piferrer se extiende entre 1775-1792.
852 _aES-MaACL
_jR-3021-36
_xOlim:T-1409
999 _c130106
_d130106